CLINICAL THERAPEUTIES ACUTE RESPIRATORY DISEASE (Record no. 20486)

MARC details
000 -LEADER
fixed length control field 00312nam a22001337a 4500
003 - CONTROL NUMBER IDENTIFIER
control field SGT
082 ## - DEWEY DECIMAL CLASSIFICATION NUMBER
Classification number 616.024
Item number C15M
100 ## - MAIN ENTRY--PERSONAL NAME
Personal name MASTER, FAROKH J.
245 ## - TITLE STATEMENT
Title CLINICAL THERAPEUTIES ACUTE RESPIRATORY DISEASE
260 ## - PUBLICATION, DISTRIBUTION, ETC. (IMPRINT)
Place of publication, distribution, etc INDIA
Name of publisher, distributor, etc B.JAIN PUB
Year of Publication 2015
300 ## - PAGE DESCRIPTION
No. of Pages 336
650 ## - SUBJECT ADDED ENTRY--TOPICAL TERM
Topical term or geographic name as entry element HOMOEOPATHIC
942 ## - ADDED ENTRY ELEMENTS (KOHA)
Source of classification or shelving scheme Dewey Decimal Classification
Koha item type Books
Holdings
Withdrawn status Lost status Source of classification or shelving scheme Damaged status Not for loan Home library Current library Shelving location Date acquired Vendor Name Cost, normal purchase price SGTU Bill Number Total Checkouts Full call number Accession No. (Barcode) Date last seen Bill Date Koha item type
    Dewey Decimal Classification     Homeopathy Library Homeopathy Library Text Book 14/08/2020 B.JAIN PUB. 449.00 SGTU 147010   616.024 C15M FH2026 14/08/2020   Books
    Dewey Decimal Classification     Homeopathy Library Homeopathy Library Text Book 14/08/2020 B.JAIN PUB. 449.00 SGTU 147010   616.024 C15M FH2027 14/08/2020   Books
    Dewey Decimal Classification     Homeopathy Library Homeopathy Library Text Book 14/08/2020 B.JAIN PUB. 449.00 SGTU 147010   616.024 C15M FH2028 14/08/2020   Books
    Dewey Decimal Classification     Homeopathy Library Homeopathy Library Text Book 14/08/2020 B.JAIN PUB. 449.00 SGTU 147010   616.024 C15M FH2029 14/08/2020   Books
    Dewey Decimal Classification     Homeopathy Library Homeopathy Library Text Book 14/08/2020 B.JAIN PUB. 449.00 SGTU 147010   616.024 C15M FH2030 14/08/2020 02/09/2016 Books
    Dewey Decimal Classification     Homeopathy Library Homeopathy Library Text Book 14/08/2020 B.JAIN PUB. 449.00 SGTU 147010   616.024 C15M FH2031 14/08/2020 02/09/2016 Books
    Dewey Decimal Classification     Homeopathy Library Homeopathy Library Text Book 14/08/2020 B.JAIN PUB. 449.00 SGTU 147010   616.024 C15M FH2032 14/08/2020 02/09/2016 Books
    Dewey Decimal Classification     Homeopathy Library Homeopathy Library Text Book 14/08/2020 B.JAIN PUB. 449.00 SGTU 147010   616.024 C15M FH2033 14/08/2020 02/09/2016 Books